Introducción al énfasis en educación artística.
Este libro es una herramientas de soporte que facilita el proceso de aprendizaje.Da un enfoque pedagógico sustentado en la Educación Artística como pilas de la formación integral del alumno, precisa, en primera instancia, de una consideración profunda de sus significao, su evolución a través de la h...
Guardat en:
| Autor corporatiu: | |
|---|---|
| Format: | Llibre |
| Idioma: | Spanish |
| Publicat: |
Bogotá:
Corporación Universitaria Minuto de Dios,
2003.
|
| Matèries: | |
| Accés en línia: | Enlace del recurso |
| Etiquetes: |
Afegir etiqueta
Sense etiquetes, Sigues el primer a etiquetar aquest registre!
|
MARC
| LEADER | 00000nam a2200000 a 4500 | ||
|---|---|---|---|
| 001 | 001607 | ||
| 008 | 081230p2003 ck spa | ||
| 020 | |a 958-8165-16-4 | ||
| 082 | 0 | 4 | |a 370.71/ |b B244i |
| 110 | |a Corporación Universitaria Minuto de Dios | ||
| 245 | |a Introducción al énfasis en educación artística. |c Corporación Universitaria Minuto de Dios. | ||
| 260 | |a Bogotá: |b Corporación Universitaria Minuto de Dios, |c 2003. | ||
| 300 | |a 159p. | ||
| 520 | |a Este libro es una herramientas de soporte que facilita el proceso de aprendizaje.Da un enfoque pedagógico sustentado en la Educación Artística como pilas de la formación integral del alumno, precisa, en primera instancia, de una consideración profunda de sus significao, su evolución a través de la historia de la humanidad y de sus implicaciones en el desarrollo integral de los niños y jóvenes estudiantes. | ||
| 650 | 1 | |a EDUCACIÓN ARTISTICA | |
| 650 | |a EXPRESIÓN ARTISTICA | ||
| 650 | |a DESARROLLO COGNITIVO | ||
| 650 | |a LENGUAJES ARTISTICOS | ||
| 999 | |c 3759 |d 3759 | ||
| 856 | |u https://catalogo.idep.edu.co/cgi-bin/koha/opac-detail.pl?biblionumber=3759 |z Enlace del recurso | ||